LEADER 04501nam 2200901z- 450 001 9910557741003321 005 20220111 035 $a(CKB)5400000000045932 035 $a(oapen)https://directory.doabooks.org/handle/20.500.12854/76446 035 $a(oapen)doab76446 035 $a(EXLCZ)995400000000045932 100 $a20202201d2021 |y 0 101 0 $aeng 135 $aurmn|---annan 181 $ctxt$2rdacontent 182 $cc$2rdamedia 183 $acr$2rdacarrier 200 00$aCultural heritage and natural disasters /$fEditors Ionut Cristi Nicu, Alin Mihu-Pintilie, Erich Nau 210 $aBasel, Switzerland$cMDPI - Multidisciplinary Digital Publishing Institute$d2021 215 $a1 online resource (132 p.) 311 08$a3-0365-1078-8 311 08$a3-0365-1079-6 327 $aArchaeological surveying of Subarctic and Arctic landscapes: comparing the performance of airborne laser scanning and remote sensing image data / Alma Elzabeth Thuestad, Ole Risbol, Jan Ingolf Kleppe, Stine Barlindhaug, Elin Rose Myrvoll -- Remote sensing for cultural heritage assessment and monitoring: the case study of Alba Iulia / Cristian Moise, Iulia Dana Negula, Cristina Elena Mihalache, Andi Mihai Lazar, Andreea Luminata Deduluscu, Gabriel Tiberiu Rustoiu, Ioan Constantin Inel and Alexandru Badea -- Photogrammetric measurement of erosion at the Sabbath Point Beothuk site in Central Newfoundland, Canada / James Williamson and Ionut Cristi Nicu -- The pavilions at the Alhambra's Court of Lions: graphic analysis of Muqurnas / Antonio Ga?miz-Gordo, Ignacio Ferrer-Pe?rez-Blanco and Juan Francisco Reinoso-Gordo -- Coastal erosion affecting cultural heritage in Savlbard: a case study in Hiorthhamm (Adventfjorden)-an abandoned mining settlement / Ionut Cristi Nicu, Knut Stalsberg, Lena Rubensdotter, Vibeke Vandrup Martens and Anne-Cathrine Flyen -- GIS-based and statistical approaches in archaeological predictive modelling (NE Romania) / Ionut Cristi Nicu, Alin Mihu-Pintilie and James Williamson 330 $aThis book brings together a total of six papers in an interdisciplinary way at the border of natural disasters and cultural heritage. There is a need for studying and documenting cultural heritage in Arctic landscapes, as these are the most affected by climate change. Remote sensing represents a powerful tool in the monitoring, management and safeguarding of cultural heritage. Sites included in the UNESCO World Heritage List should receive more attention from both geoscientists and social scientists. Urbanization has a short- and long-lasting effect on the conservation of cultural heritage. 606 $aHumanities$2bicssc 606 $aSocial & cultural anthropology, ethnography$2bicssc 606 $aSocial interaction$2bicssc 610 $a3D laser scanner 610 $aaerial image 610 $aAlba Iulia (Apulum) 610 $aAlhambra 610 $aAUC 610 $aBeothuk 610 $acoastal erosion 610 $acultural heritage 610 $acultural heritage assessment 610 $adrawings 610 $aDSAS 610 $aEarth observation 610 $aerosion 610 $afrequency ratio 610 $ageomorphological mapping 610 $aGIS 610 $agraphic analysis 610 $aGRASS 610 $ahigh Arctic 610 $aHigh North 610 $ahistorical images 610 $aKvamme's Gain 610 $aLiDAR 610 $along-term monitoring 610 $amonitoring 610 $amulti-temporal analysis 610 $amuqarnas 610 $aNewfoundland 610 $anorth-eastern Romania 610 $apersistent scatterer interferometry 610 $aphotogrammetry 610 $apredictive modelling 610 $aremote sensing 610 $asatellite image 610 $asatellite imagery 610 $ashoreline 610 $aSpain 610 $aSvalbard 610 $aUAV 610 $aUNESCO 610 $aurban heat island 615 7$aHumanities 615 7$aSocial & cultural anthropology, ethnography 615 7$aSocial interaction 702 $aNicu$b Ionut Cristi$4http://id.loc.gov/vocabulary/relators/edt 702 $aMihu-Pintilie$b Alin$4http://id.loc.gov/vocabulary/relators/edt 702 $aNau$b Erich$f1983-$4http://id.loc.gov/vocabulary/relators/edt 906 $aBOOK 912 $a9910557741003321 996 $aCultural heritage and natural disasters$94547326 997 $aUNINA